Super Smash Flash 2 Characters - Statistics

General Stats
  • This quiz has been taken 159 times
  • The average score is 35 of 44
Answer Stats
Series Character % Correct
Super Mario Mario
95%
Super Mario Peach
94%
Yoshi’s Island Yoshi
94%
The Legend of Zelda Link
93%
Super Mario Luigi
93%
Wario Wario
92%
Super Mario Bowser
91%
Pokémon Pikachu
91%
The Legend of Zelda Zelda
91%
Donkey Kong Country Donkey Kong
90%
Kirby’s Dreamland Kirby
89%
F-Zero Captain Falcon
88%
Metroid Samus
88%
Star Fox Falco
87%
Sonic the Hedgehog Sonic
87%
Star Fox Fox
86%
Kirby’s Dreamland Meta Knight
86%
Megaman Megaman
85%
Naruto Naruto
84%
Pac-Man Pac-Man
84%
Sonic the Hedgehog Tails
84%
Bomberman Bomberman
83%
Dragon Ball Goku
82%
Game and Watch Mr. Game and Watch
82%
Wario Waluigi
82%
Earthbound/Mother Ness
81%
Chibi-Robo Chibi-Robo
79%
Rayman Rayman
79%
Fire Emblem Marth
78%
Kid Icarus Pit
78%
The Legend of Zelda Sheik
78%
Kingdom Hearts Sora
77%
Castlevania Simon Belmont
76%
Pokémon Jigglypuff
75%
One Peice Luffy
74%
Pokémon Pichu
74%
Kirby’s Dreamland Bandana Dee
70%
Metroid Zero Suit Samus
69%
Golden Sun Isaac
65%
Star Fox Krystal
63%
Bleach Ichigo
61%
Super Smash Bros. Sandbag
52%
Final Fantasy Black Mage
46%
Tales Lloyd
41%
No matching quizzes found
Score Distribution
Percent of People with Each Score
Percentile by Number Answered
Your Score History
You have not taken this quiz